| 000 | 01325nam a22003375a 4500 | ||
|---|---|---|---|
| 003 | EG-ScBUE | ||
| 005 | 20250227103458.0 | ||
| 008 | 150819r20051999ii a f 001 0 eng d | ||
| 020 | _a0070435103 | ||
| 020 | _a9780070435100 | ||
| 040 |
_aEG-ScBUE _beng _erda _cEG-ScBUE _dEG-ScBUE |
||
| 082 | 0 | 4 |
_a519.5076 _bSPI _222 |
| 100 | 1 |
_aSpiegel, Murray R., _eauthor. _92617 |
|
| 245 | 1 | 0 |
_aSchaum’s outline of theory and problems of statistics / _cMurray R. Spiegel, Ph.D., Former Professor and Chairman, Mathematics Department, Rensselaer Polytechnic Institute, Hartford Graduate Center, Larry J. Stephens, Full Professor, Mathematics Department, University of Nebraska at Omaha. |
| 246 | 3 | 0 | _aStatistics |
| 250 | _aThird edition. | ||
| 250 | _aEighth reprinted edition. | ||
| 264 | 1 |
_aNew Delhi : _bTata McGraw-Hill Publishing, _c2005. |
|
| 300 |
_axvii, 538 pages : _billustrations ; _c24 cm. |
||
| 336 |
_2rdacontent _atext _btxt |
||
| 337 |
_aunmediated _2rdamedia _bn |
||
| 338 |
_avolume _bnc _2rdacarrier |
||
| 490 | 0 | _aSchaum’s outline series | |
| 500 | _aIncludes index. | ||
| 500 | _aIncludes appendix. | ||
| 650 | 7 |
_aStatistics _vProblems, exercises, etc. _2BUEsh _94000 |
|
| 653 |
_cAugust2015 _bENGGEN |
||
| 655 | _vReading book | ||
| 700 | 1 |
_aStephens, Larry J., _eauthor. _941314 |
|
| 942 |
_cBB _2ddc |
||
| 999 |
_c198 _d198 |
||